000
00297nam a22001457a 4500
008
210608b ||||| |||| 00| 0 eng d
020
_a
9780077678036
041
_a
eng
080
_a
573
082
_a
573
100
_a
11
101
_a
BIO
245
_a
Biology
_c
Mader,S.S
942
_2
udc
_c
BK
999
_c
58060
_d
58060